| 000 | 00562nam a22001937a 4500 | ||
|---|---|---|---|
| 005 | 20221222163213.0 | ||
| 008 | 221222b ||||| |||| 00| 0 eng d | ||
| 040 | _cAL | ||
| 041 | _aEnglish | ||
| 082 |
_223 _a153.7 _bNICS |
||
| 100 |
_aR Eugene Nichols _967672 |
||
| 245 | _aScience of Higher Sense Perception | ||
| 260 |
_aBombay _b D.B. Taraporevala Sons and Co Private Ltd _c1977 |
||
| 300 |
_a214 p. _bPB _c21x13.7 cm. |
||
| 650 |
_aPerception _967673 |
||
| 650 |
_aThought-transference _967674 |
||
| 700 |
_aNICHOLS (R Eugene) _967675 |
||
| 942 |
_2ddc _cDB |
||
| 999 |
_c226072 _d226072 |
||